Statistiken für Hochzeitsjubiläen

Klicken Sie hier um das Quiz zu spielen!

Allgemein

  • Dieses Quiz wurde 87 mal gespielt
  • Das Durchschnittsergebnis liegt bei 12 aus 37

Antwortstatistiken

JahrHochzeit% Korrekt
50Goldene
100%
25Silberne
100%
60Diamant
87%
65Eiserne
84%
5Hölzerne
62%
7Kupferne
58%
55Platin
58%
40Rubin
49%
10Rosen
42%
1Papierne
39%
11Stahl
38%
33Zinn
33%
20Porzellan
32%
12.5Petersilie
30%
0Grüne
29%
4Seidene
29%
37.5Aluminium
28%
70Gnaden
28%
75Kronjuwelen
24%
8Blech
22%
45Messing
20%
3Lederne
19%
100Himmel
18%
30Perle
18%
2Baumwollene
16%
12Nickel
16%
90Marmor
15%
15Kristall
14%
35Leinen
14%
13Veilchen
14%
80Eichen
13%
14Elfenbein
11%
9Keramik
11%
85Engel
10%
33.3Knoblauch
9%
6Zucker
5%
6.25Hammel
3%

Verteilung der Resultate

Perzentil nach korrekt beantworteten Fragen

Anzahl Personen mit jedem Resultat

Ihre Resultats-Entwicklung

Sie haben dieses Quiz noch nicht gespielt